Statystyki dla Co to za flaga? #2 Lvl. Średni

Kliknij tutaj aby rozwiązać quiz!

Ogólne statystyki

  • Ten quiz został rozwiązany 1 386 razy
  • Średni wynik to 13 z 15

Statystyki odpowiedzi

Odpowiedź% Poprawnych
Argentyna
95%
Grecja
93%
Indie
92%
Irlandia
92%
Korea Południowa
92%
Estonia
91%
Szwajcaria
90%
Izrael
89%
Węgry
86%
Rumunia
85%
Chile
84%
Islandia
84%
Litwa
83%
Gruzja
82%
Peru
73%

Rozkład punktacji

Percentyl według liczby udzielonych odpowiedzi

Procent ludzi z każdym wynikiem

Twoja historia wyników

Nie rozwiązałeś tego quizu